[Event "Lipetsk Winter Cup rapid"]
[Site "Lipetsk"]
[Date "2020.01.17"]
[Round "1"]
[White "Belyakov, Bogdan"]
[Black "Shmelev, Pavel"]
[Result "1-0"]
[WhiteElo "2481"]
[BlackElo "1655"]
[PlyCount "57"]
[EventDate "2020.01.17"]
[EventType "swiss (rapid)"]
[EventRounds "11"]
[EventCountry "RUS"]
[SourceTitle "CBM 194 Extra"]
[Source "ChessBase"]
[SourceDate "2020.03.31"]
[SourceVersion "1"]
[SourceVersionDate "2020.03.31"]
[SourceQuality "1"]

1. e4 e6 2. d4 b6 3. Nf3 Bb7 4. Bd3 Nf6 5. e5 Nd5 6. c3 c5 7. 0-0 cxd4 8. cxd4 Nc6 9. Nc3 Ncb4 10. Bb1 Rc8 11. Ne4 Be7 12. a3 Nc6 13. Bg5 h6 14. Nd6+ Bxd6 15. Bxd8 Nxd8 16. exd6 f5 17. Ne5 Nf6 18. Ng6 Rh7 19. Ne7 Rb8 20. d5 g6 21. dxe6 Nxe6 22. Nxg6 Ne4 23. Bxe4 Bxe4 24. f3 Bc6 25. Re1 Rg7 26. Nf4 Kf7 27. Nxe6 dxe6 28. Rc1 Bd5 29. Rc7+ 1-0